| 000 | 00445nam a2200157Ia 4500 | ||
|---|---|---|---|
| 008 | 210716s2008 xx 000 0 und d | ||
| 020 | _a9780761936558 | ||
| 041 | _aeng | ||
| 082 | _a155.9042 HARM | ||
| 100 | _aHariharan, Meena; Rath, Radhanath. | ||
| 245 |
_aCoping with life stress: the Indian experience. _bThe Indian experience. |
||
| 250 | _a1 | ||
| 260 |
_aNew Delhi _bSage Publications _c2008 |
||
| 300 | _a286 | ||
| 650 | _aPsychology | ||
| 999 |
_c207901 _d207901 |
||